New Values In HIgher Education: (Record no. 187579)

MARC details
000 -LEADER
fixed length control field 00603nam a22001817a 4500
005 - DATE AND TIME OF LATEST TRANSACTION
control field 20220425112905.0
010 ## - LCCN (DPL NO)
LC control number ENG-132374
020 ## - INTERNATIONAL STANDARD BOOK NUMBER
International Standard Book Number 9789382699071
Terms of availability 600.00
035 ## - SYSTEM CONTROL NUMBER
System control number EN-115906
037 ## - SOURCE OF ACQUISITION
Source of stock number/acquisition DBAD/PUB
082 ## - DEWEY DECIMAL CLASSIFICATION NUMBER
Classification number 378
Item number 1
100 ## - MAIN ENTRY--PERSONAL NAME
Personal name Maitin, T.P.
245 ## - TITLE STATEMENT
Title New Values In HIgher Education:
Remainder of title Concept & Components/
Statement of responsibility, etc T. P . Maitin
260 ## - PUBLICATION, DISTRIBUTION, ETC. (IMPRINT)
Name of publisher, distributor, etc Priya Sahitya Sadan
Place of publication, distribution, etc Delhi
Date of publication, distribution, etc 2014
270 ## - ADDRESS
Address 2226/B , Street No. 33, First Pusta , Sonia Vihar
City Delhi
Postal code 110096
Telephone number 9211229886
Electronic mail address pawan.68srivastava@gmail.com
300 ## - PHYSICAL DESCRIPTION
Extent 247p.
Dimensions 22cm(hbk)
942 ## - ADDED ENTRY ELEMENTS (KOHA)
Source of classification or shelving scheme Dewey Decimal Classification
Item type English Books
Classification part 378
Call number suffix MAI
Holdings
Withdrawn status Lost status Not for loan Collection code Home library Current library Date acquired Source of acquisition Cost, normal purchase price Full call number Barcode Copy number Cost, replacement price Koha item type
      Non-fiction Patel Nagar Patel Nagar 25/04/2022 DBAD/PUB 600.00 378 MAI EN-115906 1 600.00 English Books

© Delhi Public Library
Hit Counter
free hit counter